logo

Bir Sreshtho Munshi Abdur Rouf Library
Jhenaidah Cadet College

Why we believe what we believe : (Record no. 8461)

MARC details
000 -LEADER
fixed length control field 01313cam a22003254a 4500
001 - CONTROL NUMBER
JCCL Control Number 8461
003 - CONTROL NUMBER IDENTIFIER
JCCL marc code BD-JhCC
005 - DATE AND TIME OF LATEST TRANSACTION
control field 20190301134006.0
008 - FIXED-LENGTH DATA ELEMENTS--GENERAL INFORMATION
fixed length control field 060525s2006 nyua b 001 0 eng
020 ## - INTERNATIONAL STANDARD BOOK NUMBER
International Standard Book Number 0743274970
035 ## - SYSTEM CONTROL NUMBER
system control number (BD-JhCC)8461
040 ## - CATALOGING SOURCE
Original cataloging agency DLC
Transcribing agency DLC
Modifying agency DLC
-- BD-JhCC
041 ## - LANGUAGE CODE
Language code of Book eng
050 00 - LIBRARY OF CONGRESS CALL NUMBER
Classification number BL53
Item number .N49 2006
082 00 - DEWEY DECIMAL CLASSIFICATION NUMBER
Classification number 153.4
DDC Edition number 22
Author mark and Year NEW 2006
100 1# - MAIN ENTRY--PERSONAL NAME
Personal name Newberg, Andrew B.,
Dates associated with a name 1966-
245 10 - TITLE STATEMENT
Title Why we believe what we believe :
Remainder of title uncovering our biological need for meaning, spirituality, and truth /
Statement of responsibility, etc Andrew Newberg, Mark Robert Waldman.
260 ## - PUBLICATION, DISTRIBUTION, ETC. (IMPRINT)
Place of publication, distribution, etc New York :
Name of publisher, distributor, etc Free Press,
Date of publication, distribution, etc c2006.
300 ## - PHYSICAL DESCRIPTION
Pagination vii, 321 p. :
Other physical details ill. ;
Dimensions 24 cm.
504 ## - BIBLIOGRAPHY, ETC. NOTE
Bibliography, etc Includes bibliographical references (p.281-307) and index.
650 #0 - SUBJECT ADDED ENTRY--TOPICAL TERM
Topical term or geographic name as entry element Psychology, Religious.
650 #0 - SUBJECT ADDED ENTRY--TOPICAL TERM
Topical term or geographic name as entry element Brain
General subdivision Religious aspects.
700 1# - ADDED ENTRY--PERSONAL NAME
Personal name Waldman, Mark Robert.
856 42 - ELECTRONIC LOCATION AND ACCESS
Materials specified Publisher description
Uniform Resource Identifier http://www.loc.gov/catdir/enhancements/fy0661/2006048274-d.html
856 41 - ELECTRONIC LOCATION AND ACCESS
Materials specified Sample text
Uniform Resource Identifier http://www.loc.gov/catdir/enhancements/fy0666/2006048274-s.html
856 41 - ELECTRONIC LOCATION AND ACCESS
Materials specified Table of contents only
Uniform Resource Identifier http://www.loc.gov/catdir/enhancements/fy0666/2006048274-t.html
856 42 - ELECTRONIC LOCATION AND ACCESS
Materials specified Contributor biographical information
Uniform Resource Identifier http://www.loc.gov/catdir/enhancements/fy0902/2006048274-b.html
942 ## - ADDED ENTRY ELEMENTS (KOHA)
Source of classification or shelving scheme Dewey Decimal Classification
Koha item type Books
Koha issues (borrowed), all copies 2
Holdings
Source of classification or shelving scheme Damaged status Not for loan Home library Current library Shelving location Total Checkouts Full call number Barcode Date last seen Date checked out Copy number Koha item type
Dewey Decimal Classification     JCC Rouf Library JCC Rouf Library General Stacks 1 153.4 NEW 2006 8529 03/18/2019 02/28/2019 C - 1 Books

JCC Library | Contacts | JCC Home

Last Update on 23 September 2017
Copyright @ 2017-2020 JCC Rouf Library
Rouf Library, Jhenidah Cadet College (JCC), Bangladesh